Statistics for Good Countries! Top20 (2014 data).

Click here to take the quiz!

General Stats

  • This quiz has been taken 123 times
  • The average score is 17 of 20

Answer Stats

Hint% Correct
8Norway
94%
6Sweden
94%
12Canada
93%
11France
93%
19Spain
93%
9Denmark
92%
2Finland
91%
7UK
91%
13Germany
90%
20Italy
89%
3Switzerland
88%
15Australia
87%
10Belgium
85%
14Austria
83%
4Netherlands
83%
5New Zealand
83%
1Ireland
82%
17Iceland
81%
16Luxembourg
77%
18Cyprus
15%

Score Distribution

Percentile by Number Answered

Percent of People with Each Score

Your Score History

You have not taken this quiz